=LDR 00000nam 2200000 4500 =001 INLIS000000000018018 =005 20130612113211 =008 ***********************************Ind** =035 ##$$0010-061300000018018 =041 ##$$a Ind =082 ##$$a 636.6 =090 ##$$a 636.6, Tur s =100 ##$$a Turut, Rusli =245 ##$$a Sukses memelihara burung kerkicau dari Thailand, Rudi Turut =260 ##$$a 1999 $b Jakarta =300 ##$$a vii, 72 hlm, ilus, 21 cm =650 ##$$a Burung =850 ##$$a NBPNMAT